[Event "26. Open de Ajedrez Ciudad de Roquetas"]
[Site "Roquetas de Mar ESP"]
[Date "2015.01.04"]
[Round "5.6"]
[White "Aranaz Murillo, Amalia"]
[Black "Forcen Esteban, Daniel"]
[Result "0-1"]
[WhiteElo "2344"]
[BlackElo "2526"]
[PlyCount "114"]
[EventDate "2015.01.02"]
[EventType "swiss"]
[EventRounds "9"]
[EventCountry "ESP"]
[Source "lmi"]
[SourceDate "2015.01.02"]

1. Nf3 d5 2. g3 Nf6 3. c4 d4 4. Bg2 Nc6 5. O-O e5 6. d3 Be7 7. b4 Nxb4 8. Nxe5
O-O 9. Nd2 Re8 10. a3 Na6 11. Nef3 c5 12. Nb3 Rb8 13. Bf4 Nc7 14. Na5 Bd6 15.
Bd2 Ne6 16. Rb1 Bc7 17. Qe1 Qe7 18. Qc1 h6 19. Re1 Qd8 20. Nb3 b6 21. a4 Bd7
22. Qa3 a5 23. Na1 Re7 24. Nh4 Ng5 25. Nc2 Qe8 26. e4 dxe3 27. Nxe3 g6 28. Bc3
Be5 29. Qa1 Bxc3 30. Qxc3 Ngh7 31. Nd5 Nxd5 32. Bxd5 Nf8 33. Qd2 Kg7 34. d4 Ne6
35. dxc5 Nxc5 36. Qd4+ f6 37. Rxe7+ Qxe7 38. Qf4 Re8 39. h3 Nxa4 40. Kg2 Qc5
41. Nf3 Nc3 42. Rb3 Nxd5 43. cxd5 a4 44. Rb1 a3 45. Qd4 Qxd4 46. Nxd4 Ra8 47.
Rxb6 a2 48. Nb3 Bf5 49. Na1 Be4+ 50. f3 Bxd5 51. Rd6 Bf7 52. Kf2 Rb8 53. Ke2
Rb1 54. Rd1 g5 55. Kd2 Bd5 56. f4 gxf4 57. gxf4 Kg6 0-1

[Event "26. Open de Ajedrez Ciudad de Roquetas"]
[Site "Roquetas de Mar ESP"]
[Date "2015.01.05"]
[Round "6.1"]
[White "Korneev, Oleg"]
[Black "Arribas Lopez, Angel"]
[Result "1/2-1/2"]
[WhiteElo "2591"]
[BlackElo "2537"]
[PlyCount "76"]
[EventDate "2015.01.02"]
[EventType "swiss"]
[EventRounds "9"]
[EventCountry "ESP"]
[Source "lmi"]
[SourceDate "2015.01.02"]

1. e4 c5 2. Nf3 d6 3. d4 cxd4 4. Nxd4 Nf6 5. Nc3 a6 6. Be3 e6 7. g4 e5 8. Nf5
h5 9. g5 Nxe4 10. Nxg7+ Bxg7 11. Nxe4 d5 12. Ng3 d4 13. Bd2 Nc6 14. Bd3 Bg4 15.
f3 Be6 16. Qe2 Ne7 17. O-O-O Qd5 18. b3 Qc5 19. Ne4 Qa3+ 20. Kb1 Nd5 21. Bc4
O-O-O 22. Bxd5 Bxd5 23. c4 Bc6 24. Qd3 Kb8 25. Rhe1 Ka8 26. Ng3 Qd6 27. Ne4 Qe6
28. h4 Rde8 29. Kb2 f5 30. gxf6 Bxf6 31. Ng5 Qd7 32. Rf1 b5 33. c5 Rhf8 34. Nh7
Rf7 35. Nxf6 Rxf6 36. Bg5 Rxf3 37. Rxf3 e4 38. Rf7 exd3 1/2-1/2

[Event "26. Open de Ajedrez Ciudad de Roquetas"]
[Site "Roquetas de Mar ESP"]
[Date "2015.01.05"]
[Round "6.2"]
[White "Lopez Martinez, Josep Manuel"]
[Black "Pap, Misa"]
[Result "1-0"]
[WhiteElo "2538"]
[BlackElo "2462"]
[PlyCount "98"]
[EventDate "2015.01.02"]
[EventType "swiss"]
[EventRounds "9"]
[EventCountry "ESP"]
[Source "lmi"]
[SourceDate "2015.01.02"]

1. e4 e5 2. Nf3 Nc6 3. Bb5 Nf6 4. d3 Bc5 5. Bxc6 dxc6 6. Nbd2 Nd7 7. Nc4 f6 8.
Be3 Bxe3 9. fxe3 Qe7 10. Qd2 Nb6 11. Na5 c5 12. Qc3 O-O 13. a3 c6 14. b4 cxb4
15. axb4 Be6 16. Nd2 Rfc8 17. Nab3 Nd7 18. Nc5 a5 19. Nxe6 axb4 20. Rxa8 Rxa8
21. Qb3 Ra3 22. Qb1 Qxe6 23. Qxb4 Ra1+ 24. Nb1 b5 25. O-O Ra4 26. Qd2 Qd6 27.
Nc3 Ra3 28. Rb1 Nb6 29. Nd1 Qc5 30. h3 h6 31. Kh2 Ra2 32. Nc3 Ra3 33. Nd1 Na4
34. Qe2 Ra2 35. Rc1 Nb6 36. Nf2 Kh7 37. Ng4 h5 38. Nf2 g6 39. g4 h4 40. g5 fxg5
41. Ng4 Nd7 42. Qf2 Kg7 43. Kh1 Ra8 44. Rg1 Rf8 45. Qe2 Qe7 46. Nh2 Nf6 47. Qg2
g4 48. hxg4 Qe6 49. Rf1 Qd7 1-0

[Event "26. Open de Ajedrez Ciudad de Roquetas"]
[Site "Roquetas de Mar ESP"]
[Date "2015.01.05"]
[Round "6.3"]
[White "Ladron de Guevara Pinto, Paolo"]
[Black "Maiorov, Nikita"]
[Result "0-1"]
[WhiteElo "2367"]
[BlackElo "2596"]
[PlyCount "82"]
[EventDate "2015.01.02"]
[EventType "swiss"]
[EventRounds "9"]
[EventCountry "ESP"]
[Source "lmi"]
[SourceDate "2015.01.02"]

1. e4 e5 2. Nf3 Nc6 3. Nc3 Nf6 4. h3 Bd6 5. Bc4 a6 6. a4 Bc5 7. d3 d6 8. O-O h6
9. Nd5 Nxd5 10. exd5 Ne7 11. d4 exd4 12. Nxd4 O-O 13. Be3 Ng6 14. Qd2 Qf6 15.
b4 Ba7 16. c3 Bd7 17. Bb3 Nh4 18. f4 c5 19. dxc6 bxc6 20. Nf3 Bxe3+ 21. Qxe3
Nf5 22. Qd2 Ng3 23. Rfe1 Rfe8 24. Bc2 Nh5 25. Rad1 Rxe1+ 26. Nxe1 Re8 27. Nf3
d5 28. Qd4 Qxf4 29. Bd3 Bc8 30. c4 Qd6 31. cxd5 cxd5 32. b5 Bxh3 33. Qh4 Nf4
34. gxh3 Nxd3 35. bxa6 Qxa6 36. Qd4 Qg6+ 37. Kf1 Ne5 38. Nxe5 Qf5+ 39. Kg2 Rxe5
40. Rd2 Re4 41. Qxd5 Re2+ 0-1

[Event "26. Open de Ajedrez Ciudad de Roquetas"]
[Site "Roquetas de Mar ESP"]
[Date "2015.01.05"]
[Round "6.4"]
[White "Svetushkin, Dmitry"]
[Black "Antoli Royo, Joaquin Miguel"]
[Result "1-0"]
[WhiteElo "2581"]
[BlackElo "2437"]
[PlyCount "45"]
[EventDate "2015.01.02"]
[EventType "swiss"]
[EventRounds "9"]
[EventCountry "ESP"]
[Source "lmi"]
[SourceDate "2015.01.02"]

1. e4 c5 2. Nf3 Nc6 3. Bb5 e6 4. Bxc6 bxc6 5. d3 Ne7 6. Qe2 Qc7 7. Nh4 Ng6 8.
Nxg6 hxg6 9. e5 c4 10. dxc4 Rh5 11. Bf4 Rb8 12. b3 f5 13. Nd2 Bb7 14. O-O-O Qa5
15. Kb1 c5 16. Rhg1 Bc6 17. Nf3 Qb6 18. h4 a5 19. Bg5 a4 20. Ne1 Qb4 21. g4 Rh8
22. f3 Rb7 23. Ng2 1-0

[Event "26. Open de Ajedrez Ciudad de Roquetas"]
[Site "Roquetas de Mar ESP"]
[Date "2015.01.05"]
[Round "6.5"]
[White "Forcen Esteban, Daniel"]
[Black "Fernandez Garcia, Jose Miguel"]
[Result "0-1"]
[WhiteElo "2526"]
[BlackElo "2434"]
[PlyCount "126"]
[EventDate "2015.01.02"]
[EventType "swiss"]
[EventRounds "9"]
[EventCountry "ESP"]
[Source "lmi"]
[SourceDate "2015.01.02"]

1. d4 c5 2. d5 Nf6 3. Nf3 e6 4. Nc3 exd5 5. Nxd5 Nxd5 6. Qxd5 Be7 7. Bf4 Nc6 8.
O-O-O Nb4 9. Qb3 d5 10. e4 d4 11. Bc4 O-O 12. c3 Nc6 13. Bd5 Na5 14. Qc2 Be6
15. Bxe6 fxe6 16. Bg3 Rc8 17. Kb1 Qb6 18. h4 Rfd8 19. h5 Qb5 20. Ne5 Bf6 21.
cxd4 cxd4 22. Qd3 Nc4 23. Nxc4 Rxc4 24. e5 Be7 25. Bh4 Rdc8 26. Qb3 Qd7 27.
Bxe7 Qxe7 28. f4 Qf7 29. a3 b6 30. Qf3 b5 31. g4 a5 32. Qe4 d3 33. Qxd3 Qxf4
34. Qd7 Qxe5 35. Rhe1 Qc7 36. Qxe6+ Qf7 37. g5 R4c5 38. Qb6 Qf5+ 39. Ka1 Qf8
40. g6 Rxh5 41. Rh1 hxg6 42. Qe6+ Kh7 43. Rdg1 Qe8 44. Qg4 Rcc5 45. Qd4 Qe5 46.
Qd3 Qf5 47. Qd4 Re5 48. Qa7 b4 49. Rxh5+ Qxh5 50. Qb7 Rb5 51. Qg2 Qh6 52. Qc6
Rh5 53. axb4 axb4 54. Qe4 Rh4 55. Qe6 Qh5 56. Qb6 Qf5 57. Rc1 Qe4 58. Ka2 Rh3
59. Rc5 g5 60. Qa5 Qe6+ 61. Kb1 Rh1+ 62. Kc2 Rh2+ 63. Kb1 Qb3 0-1

[Event "26. Open de Ajedrez Ciudad de Roquetas"]
[Site "Roquetas de Mar ESP"]
[Date "2015.01.05"]
[Round "6.6"]
[White "Franco Ocampos, Zenon"]
[Black "Ramiro Ovejero, Juan Luis"]
[Result "1-0"]
[WhiteElo "2490"]
[BlackElo "2350"]
[PlyCount "103"]
[EventDate "2015.01.02"]
[EventType "swiss"]
[EventRounds "9"]
[EventCountry "ESP"]
[Source "lmi"]
[SourceDate "2015.01.02"]

1. Nf3 d5 2. d4 Nf6 3. e3 c6 4. Bd3 Bg4 5. b3 e6 6. Bb2 Nbd7 7. Nbd2 Bd6 8. c4
O-O 9. Qc2 Bh5 10. Ne5 Bb4 11. O-O Bxd2 12. Nxd7 Qxd7 13. Qxd2 Bg6 14. Be2 Ne4
15. Qa5 f5 16. f3 Nd6 17. Qd2 Rad8 18. Ba3 Rfe8 19. Bxd6 Qxd6 20. c5 Qe7 21. f4
Rf8 22. b4 Be8 23. a4 a6 24. Rfb1 Ra8 25. Ra2 Bd7 26. b5 axb5 27. axb5 cxb5 28.
Bxb5 Bxb5 29. Rxb5 Rxa2 30. Qxa2 Rc8 31. Rb6 Kf7 32. Qa7 Rc7 33. Qb8 h6 34. Kf1
Rd7 35. Ke2 Rc7 36. Kd2 Kf6 37. g3 Kf7 38. Rb3 Rd7 39. Kc2 Rc7 40. Kb2 Qd7 41.
Rb6 Qe7 42. Kb3 Rd7 43. Kb4 Rc7 44. Kb5 Rd7 45. Ka5 Kg6 46. Rd6 Kh5 47. Kb6 Kg4
48. Rxd7 Qxd7 49. Qxb7 Qa4 50. Kc7 Kf3 51. c6 Kxe3 52. Kd8 1-0

[Event "26. Open de Ajedrez Ciudad de Roquetas"]
[Site "Roquetas de Mar ESP"]
[Date "2015.01.05"]
[Round "7.1"]
[White "Maiorov, Nikita"]
[Black "Lopez Martinez, Josep Manuel"]
[Result "1/2-1/2"]
[WhiteElo "2596"]
[BlackElo "2538"]
[PlyCount "55"]
[EventDate "2015.01.02"]
[EventType "swiss"]
[EventRounds "9"]
[EventCountry "ESP"]
[Source "lmi"]
[SourceDate "2015.01.02"]

1. d4 d5 2. c4 e6 3. Nf3 Nf6 4. e3 c5 5. cxd5 exd5 6. Be2 Nc6 7. O-O cxd4 8.
Nxd4 Bd6 9. Nc3 O-O 10. Ncb5 Be5 11. Nf3 Bb8 12. b3 Re8 13. Bb2 a6 14. Nbd4 Qd6
15. Nxc6 bxc6 16. Rc1 Bd7 17. Qd4 a5 18. g3 a4 19. bxa4 Qf8 20. Qd1 Ne4 21. Nd4
Qb4 22. Ba1 Qxa4 23. Qxa4 Rxa4 24. Nxc6 Bxc6 25. Rxc6 Rxa2 26. Re1 g6 27. Ra6
Rxa6 28. Bxa6 1/2-1/2

[Event "26. Open de Ajedrez Ciudad de Roquetas"]
[Site "Roquetas de Mar ESP"]
[Date "2015.01.05"]
[Round "7.2"]
[White "Franco Ocampos, Zenon"]
[Black "Korneev, Oleg"]
[Result "1/2-1/2"]
[WhiteElo "2490"]
[BlackElo "2591"]
[PlyCount "40"]
[EventDate "2015.01.02"]
[EventType "swiss"]
[EventRounds "9"]
[EventCountry "ESP"]
[Source "lmi"]
[SourceDate "2015.01.02"]

1. d4 d5 2. c4 e6 3. Nf3 Nf6 4. e3 Be7 5. b3 O-O 6. Bd3 c5 7. O-O cxd4 8. exd4
Nc6 9. Bb2 b6 10. Nbd2 Bb7 11. Re1 Rc8 12. Rc1 Re8 13. a3 dxc4 14. bxc4 Bf8 15.
Nf1 g6 16. Ne3 Bg7 17. Rc2 Na5 18. Ne5 Nc6 19. Nf3 Na5 20. Ne5 Nc6 1/2-1/2

[Event "26. Open de Ajedrez Ciudad de Roquetas"]
[Site "Roquetas de Mar ESP"]
[Date "2015.01.05"]
[Round "7.3"]
[White "Fernandez Garcia, Jose Miguel"]
[Black "Svetushkin, Dmitry"]
[Result "0-1"]
[WhiteElo "2434"]
[BlackElo "2581"]
[PlyCount "40"]
[EventDate "2015.01.02"]
[EventType "swiss"]
[EventRounds "9"]
[EventCountry "ESP"]
[Source "lmi"]
[SourceDate "2015.01.02"]

1. e4 e5 2. Nf3 Nc6 3. Bb5 a5 4. Ba4 Nf6 5. d3 Bc5 6. O-O d6 7. a3 O-O 8. Nbd2
Ne7 9. Re1 Ng4 10. Rf1 f5 11. h3 Nf6 12. Bb3+ Kh8 13. Ng5 Qe8 14. Ne6 Bxe6 15.
Bxe6 fxe4 16. Nxe4 Nxe4 17. dxe4 Qg6 18. Qg4 Rxf2 19. Rxf2 Rf8 20. Bg5 h5 0-1

[Event "26. Open de Ajedrez Ciudad de Roquetas"]
[Site "Roquetas de Mar ESP"]
[Date "2015.01.05"]
[Round "7.5"]
[White "Pap, Misa"]
[Black "Camacho Collados, Marcos"]
[Result "0-1"]
[WhiteElo "2462"]
[BlackElo "2461"]
[PlyCount "76"]
[EventDate "2015.01.02"]
[EventType "swiss"]
[EventRounds "9"]
[EventCountry "ESP"]
[Source "lmi"]
[SourceDate "2015.01.02"]

1. e4 e5 2. Nf3 d6 3. d4 exd4 4. Qxd4 a6 5. Bf4 Nc6 6. Qd2 Nf6 7. Nc3 Be7 8.
O-O-O O-O 9. h3 b5 10. Bd3 Nb4 11. Be2 Bb7 12. a3 Nc6 13. g4 b4 14. axb4 Nxb4
15. g5 Nd7 16. Nd4 Nc5 17. Nf5 a5 18. f3 Ne6 19. Rhg1 a4 20. Be3 a3 21. b3 c6
22. Kb1 a2+ 23. Kb2 Re8 24. Ra1 d5 25. Nxa2 Nxa2 26. Rxa2 Rxa2+ 27. Kxa2 Qa8+
28. Kb1 Ba3 29. exd5 cxd5 30. Nd4 Bd6 31. Bb5 Rb8 32. Nxe6 fxe6 33. Rg4 Bc6 34.
Bxc6 Qxc6 35. g6 h5 36. Rh4 Ra8 37. Bd4 Qa6 38. Qd1 Bg3 0-1

[Event "26. Open de Ajedrez Ciudad de Roquetas"]
[Site "Roquetas de Mar ESP"]
[Date "2015.01.05"]
[Round "7.6"]
[White "Valdes Romero, Leonardo"]
[Black "Forcen Esteban, Daniel"]
[Result "1-0"]
[WhiteElo "2402"]
[BlackElo "2526"]
[PlyCount "61"]
[EventDate "2015.01.02"]
[EventType "swiss"]
[EventRounds "9"]
[EventCountry "ESP"]
[Source "lmi"]
[SourceDate "2015.01.02"]

1. Nf3 d5 2. g3 Nf6 3. Bg2 c5 4. O-O Nc6 5. d4 e6 6. a3 cxd4 7. Nxd4 Qb6 8.
Nxc6 bxc6 9. c4 a5 10. Nc3 Bb7 11. Be3 Qd8 12. Na4 Nd7 13. cxd5 cxd5 14. Bd4
Rc8 15. Re1 f5 16. e3 Kf7 17. Qb3 Bc6 18. Rec1 Be7 19. Qd1 Qc7 20. b3 Rhd8 21.
g4 fxg4 22. Qxg4 Nf6 23. Qh3 Rb8 24. Nc5 Bxc5 25. Bxf6 Kxf6 26. Rxc5 Qd6 27.
Rac1 Bd7 28. e4 Rdc8 29. Rxc8 Rxc8 30. Rxc8 Bxc8 31. Qc3+ 1-0

[Event "26. Open de Ajedrez Ciudad de Roquetas"]
[Site "Roquetas de Mar ESP"]
[Date "2015.01.06"]
[Round "8.1"]
[White "Lopez Martinez, Josep Manuel"]
[Black "Svetushkin, Dmitry"]
[Result "0-1"]
[WhiteElo "2538"]
[BlackElo "2581"]
[PlyCount "97"]
[EventDate "2015.01.02"]
[EventType "swiss"]
[EventRounds "9"]
[EventCountry "ESP"]
[Source "lmi"]
[SourceDate "2015.01.02"]

1. e4 e5 2. Nf3 Nc6 3. Bb5 a6 4. Ba4 Nf6 5. O-O Be7 6. Re1 b5 7. Bb3 d6 8. c3
O-O 9. h3 Bb7 10. d4 Nd7 11. Nbd2 exd4 12. cxd4 Bf6 13. Nf1 Na5 14. Bc2 Re8 15.
Rb1 c5 16. d5 Nc4 17. Ng3 g6 18. b3 Ncb6 19. Nh2 Bg7 20. Ng4 Ne5 21. Nh6+ Kh8
22. Bf4 Qe7 23. Qd2 Bc8 24. h4 b4 25. h5 a5 26. hxg6 fxg6 27. f3 a4 28. Ne2
axb3 29. axb3 Ra2 30. Nc1 Rxc2 31. Qxc2 Qf8 32. Qd2 Nec4 33. bxc4 Nxc4 34. Qd3
Qxf4 35. Ne2 Qxh6 36. Qxc4 Qe3+ 37. Kf1 Rf8 38. Ng1 Qa3 39. Qb3 Qa7 40. g3 Bc3
41. Rec1 Ba6+ 42. Kg2 Bd3 43. Rb2 c4 44. Rxc3 bxc3 45. Qxc3+ Kg8 46. Rd2 Qe3
47. Re2 Qa7 48. Rd2 g5 49. g4 0-1

[Event "26. Open de Ajedrez Ciudad de Roquetas"]
[Site "Roquetas de Mar ESP"]
[Date "2015.01.06"]
[Round "8.3"]
[White "Korneev, Oleg"]
[Black "Valdes Romero, Leonardo"]
[Result "1-0"]
[WhiteElo "2591"]
[BlackElo "2402"]
[PlyCount "53"]
[EventDate "2015.01.02"]
[EventType "swiss"]
[EventRounds "9"]
[EventCountry "ESP"]
[Source "lmi"]
[SourceDate "2015.01.02"]

1. e4 d6 2. d4 Nf6 3. Bd3 e5 4. c3 d5 5. dxe5 Nxe4 6. Nf3 Nc6 7. O-O Bg4 8.
Nbd2 Nc5 9. Be2 Qd7 10. b4 Ne6 11. h3 Bh5 12. b5 Ncd8 13. Nd4 Bxe2 14. Qxe2 a6
15. bxa6 Rxa6 16. f4 Ba3 17. Bxa3 Rxa3 18. f5 Nxd4 19. cxd4 O-O 20. Nb3 b6 21.
Rac1 Re8 22. Rc3 Ra4 23. Rg3 f6 24. e6 Ra8 25. Qh5 Qe7 26. Rf4 Kh8 27. Rh4 1-0

[Event "26. Open de Ajedrez Ciudad de Roquetas"]
[Site "Roquetas de Mar ESP"]
[Date "2015.01.06"]
[Round "8.4"]
[White "Camacho Collados, Marcos"]
[Black "Arribas Lopez, Angel"]
[Result "0-1"]
[WhiteElo "2461"]
[BlackElo "2537"]
[PlyCount "88"]
[EventDate "2015.01.02"]
[EventType "swiss"]
[EventRounds "9"]
[EventCountry "ESP"]
[Source "lmi"]
[SourceDate "2015.01.02"]

1. d4 Nf6 2. Nf3 e6 3. Bg5 h6 4. Bxf6 Qxf6 5. e4 d6 6. e5 dxe5 7. dxe5 Qf4 8.
Qd2 Qxd2+ 9. Nbxd2 Nd7 10. h3 a6 11. c3 g6 12. O-O-O Bg7 13. Re1 Ke7 14. a4 b6
15. a5 bxa5 16. Nc4 Bb7 17. Nfd2 a4 18. Na5 Rab8 19. Nxb7 Rxb7 20. Nc4 Nc5 21.
g3 g5 22. Kc2 Nb3 23. f4 Rd8 24. Bg2 Rb5 25. Rd1 Rc5 26. Rxd8 Kxd8 27. Rd1+ Ke7
28. Ne3 h5 29. h4 gxf4 30. gxf4 f6 31. exf6+ Bxf6 32. Bb7 Na5 33. Bc8 a3 34.
Rd7+ Kf8 35. bxa3 Rxc3+ 36. Kd2 Nb3+ 37. Ke2 Nd4+ 38. Kd2 Nb3+ 39. Ke2 Bd4 40.
Nf1 Rc2+ 41. Kd3 Rf2 42. Kc4 Rf3 43. Bxa6 Bb6 44. Kb4 Nc5 0-1

[Event "26. Open de Ajedrez Ciudad de Roquetas"]
[Site "Roquetas de Mar ESP"]
[Date "2015.01.06"]
[Round "8.5"]
[White "Antoli Royo, Joaquin Miguel"]
[Black "Franco Ocampos, Zenon"]
[Result "0-1"]
[WhiteElo "2437"]
[BlackElo "2490"]
[PlyCount "78"]
[EventDate "2015.01.02"]
[EventType "swiss"]
[EventRounds "9"]
[EventCountry "ESP"]
[Source "lmi"]
[SourceDate "2015.01.02"]

1. e4 c5 2. Nf3 Nc6 3. Bb5 g6 4. O-O Bg7 5. Re1 Nf6 6. e5 Nd5 7. Bxc6 dxc6 8.
d4 cxd4 9. Qxd4 Bf5 10. Na3 h6 11. Bd2 Qb6 12. c4 Nc7 13. Qc3 Rd8 14. Qc1 Ne6
15. Be3 Qc7 16. h3 g5 17. Nc2 c5 18. Na3 a6 19. Nb1 Bd3 20. b3 Be4 21. Nbd2
Bxf3 22. Nxf3 Bxe5 23. Bxg5 Bxa1 24. Qxa1 Rg8 25. Bh4 Qc6 26. Qc3 Rd4 27. Qe3
Rxg2+ 28. Kxg2 Rxh4 29. Kh2 Qc7+ 30. Qe5 Rh5 31. Qxc7 Nxc7 32. Kg3 Rf5 33. Nd2
Ne6 34. Ne4 Re5 35. f4 Rf5 36. Rf1 Kf8 37. Kg4 Nd4 38. Rd1 h5+ 39. Kg3 Ne2+ 0-1

[Event "26. Open de Ajedrez Ciudad de Roquetas"]
[Site "Roquetas de Mar ESP"]
[Date "2015.01.06"]
[Round "8.6"]
[White "Libiszewski, Fabien"]
[Black "Lorenzo de la Riva, Lazaro"]
[Result "1/2-1/2"]
[WhiteElo "2510"]
[BlackElo "2371"]
[PlyCount "73"]
[EventDate "2015.01.02"]
[EventType "swiss"]
[EventRounds "9"]
[EventCountry "ESP"]
[Source "lmi"]
[SourceDate "2015.01.02"]

1. e4 c5 2. Nf3 e6 3. d4 cxd4 4. Nxd4 Nc6 5. Nc3 Qc7 6. Be2 Nf6 7. O-O Be7 8.
Kh1 O-O 9. f4 d6 10. Be3 Nxd4 11. Qxd4 b6 12. e5 dxe5 13. fxe5 Nd7 14. Bf3 Ba6
15. Rfd1 Rad8 16. Qa4 Qc8 17. Qf4 Qb8 18. Bd4 Bc5 19. Re1 Bxd4 20. Qxd4 Bb7 21.
Bxb7 Qxb7 22. Rad1 Qb8 23. Qd6 h6 24. Rd4 Nc5 25. Qxb8 Rxb8 26. Red1 b5 27. b4
Na6 28. R1d3 Rfc8 29. a3 Rb7 30. Rd8+ Rxd8 31. Rxd8+ Kh7 32. a4 Nb8 33. Rd6 Nd7
34. Nxb5 Nxe5 35. g4 Nxg4 36. c4 Nf2+ 37. Kg1 1/2-1/2

[Event "26. Open de Ajedrez Ciudad de Roquetas"]
[Site "Roquetas de Mar ESP"]
[Date "2015.01.06"]
[Round "9.1"]
[White "Svetushkin, Dmitry"]
[Black "Korneev, Oleg"]
[Result "1/2-1/2"]
[WhiteElo "2581"]
[BlackElo "2591"]
[PlyCount "31"]
[EventDate "2015.01.02"]
[EventType "swiss"]
[EventRounds "9"]
[EventCountry "ESP"]
[Source "lmi"]
[SourceDate "2015.01.02"]

1. e4 e5 2. Nf3 Nc6 3. Bb5 Nf6 4. O-O Nxe4 5. d4 Nd6 6. Bxc6 dxc6 7. dxe5 Nf5
8. Qxd8+ Kxd8 9. h3 Ke8 10. Nc3 h5 11. Ne2 Be7 12. Rd1 Be6 13. Nf4 Bc8 14. Ne2
Be6 15. Nf4 Bc8 16. Ne2 1/2-1/2

[Event "26. Open de Ajedrez Ciudad de Roquetas"]
[Site "Roquetas de Mar ESP"]
[Date "2015.01.06"]
[Round "9.2"]
[White "Arribas Lopez, Angel"]
[Black "Franco Ocampos, Zenon"]
[Result "1/2-1/2"]
[WhiteElo "2537"]
[BlackElo "2490"]
[PlyCount "41"]
[EventDate "2015.01.02"]
[EventType "swiss"]
[EventRounds "9"]
[EventCountry "ESP"]
[Source "lmi"]
[SourceDate "2015.01.02"]

1. e4 d6 2. d4 Nf6 3. Nd2 e5 4. c3 Nc6 5. Ngf3 Be7 6. Bd3 O-O 7. O-O Re8 8. Re1
Bf8 9. h3 g6 10. d5 Nb8 11. c4 a5 12. b3 Na6 13. a3 Bd7 14. Rb1 Nc5 15. Bc2 Nh5
16. Nf1 Nf4 17. Be3 b5 18. b4 axb4 19. axb4 Na4 20. Bxa4 Rxa4 21. cxb5 1/2-1/2

[Event "26. Open de Ajedrez Ciudad de Roquetas"]
[Site "Roquetas de Mar ESP"]
[Date "2015.01.06"]
[Round "9.3"]
[White "Fernandez Garcia, Jose Miguel"]
[Black "Lopez Martinez, Josep Manuel"]
[Result "1/2-1/2"]
[WhiteElo "2434"]
[BlackElo "2538"]
[PlyCount "102"]
[EventDate "2015.01.02"]
[EventType "swiss"]
[EventRounds "9"]
[EventCountry "ESP"]
[Source "lmi"]
[SourceDate "2015.01.02"]

1. e4 c5 2. Nf3 e6 3. d4 cxd4 4. Nxd4 Nc6 5. Nc3 Qc7 6. Ndb5 Qb8 7. g3 a6 8.
Nd4 Nf6 9. Bg2 Qc7 10. O-O h5 11. h3 Bc5 12. Nxc6 dxc6 13. Qd3 e5 14. Na4 Be7
15. Be3 Nd7 16. c4 b5 17. Nc3 Nc5 18. Qc2 b4 19. Na4 Qa5 20. Nxc5 Bxc5 21. Qe2
h4 22. g4 Be6 23. Rfd1 Qb6 24. Bf1 Bxe3 25. Qxe3 Qxe3 26. fxe3 Ke7 27. Rd2 Rhd8
28. Rad1 Rxd2 29. Rxd2 a5 30. Kf2 a4 31. Rd1 Ra5 32. Be2 a3 33. b3 Ra8 34. Bd3
Rd8 35. Ke2 c5 36. Rf1 Bc8 37. Bc2 Rd6 38. Rf2 Rf6 39. Rxf6 Kxf6 40. Kf3 Kg5
41. Bd3 Bb7 42. Kf2 Bc6 43. Bc2 g6 44. Bb1 Bd7 45. Kf3 Be6 46. Bc2 f6 47. Bd3
Bd7 48. Bc2 Bc6 49. Kf2 Bb7 50. Bb1 Bc8 51. Kf3 Bd7 1/2-1/2

[Event "26. Open de Ajedrez Ciudad de Roquetas"]
[Site "Roquetas de Mar ESP"]
[Date "2015.01.06"]
[Round "9.4"]
[White "Maiorov, Nikita"]
[Black "Libiszewski, Fabien"]
[Result "1/2-1/2"]
[WhiteElo "2596"]
[BlackElo "2510"]
[PlyCount "49"]
[EventDate "2015.01.02"]
[EventType "swiss"]
[EventRounds "9"]
[EventCountry "ESP"]
[Source "lmi"]
[SourceDate "2015.01.02"]

1. d4 Nf6 2. c4 g6 3. g3 c6 4. Bg2 d5 5. Qa4 Nfd7 6. cxd5 Nb6 7. Qb3 cxd5 8.
Nc3 Nc6 9. e3 e6 10. Nge2 Bg7 11. O-O O-O 12. Rd1 Bd7 13. Qc2 Qe7 14. b3 Rfc8
15. a4 a5 16. Ba3 Qd8 17. Qd2 Bf8 18. Bxf8 Qxf8 19. Nf4 Nb4 20. Rac1 Bc6 21.
Na2 Nxa2 22. Qxa2 Nd7 23. Rc3 Nf6 24. Rdc1 Bd7 25. Nd3 1/2-1/2

[Event "26. Open de Ajedrez Ciudad de Roquetas"]
[Site "Roquetas de Mar ESP"]
[Date "2015.01.06"]
[Round "9.6"]
[White "Perez Garcia, Alejandro"]
[Black "Camacho Collados, Marcos"]
[Result "1-0"]
[WhiteElo "2207"]
[BlackElo "2461"]
[PlyCount "125"]
[EventDate "2015.01.02"]
[EventType "swiss"]
[EventRounds "9"]
[EventCountry "ESP"]
[Source "lmi"]
[SourceDate "2015.01.02"]

1. Nf3 Nf6 2. c4 b6 3. g3 Bb7 4. Bg2 e6 5. O-O Be7 6. Nc3 O-O 7. Re1 Bb4 8. Qc2
a5 9. d4 d6 10. e4 Bxc3 11. bxc3 e5 12. dxe5 dxe5 13. Nxe5 Re8 14. Bf4 Na6 15.
Nxf7 Kxf7 16. e5 Bxg2 17. Kxg2 Kg8 18. Rad1 Qe7 19. exf6 Qxf6 20. Rxe8+ Rxe8
21. Qd3 Kh8 22. Qd7 Rf8 23. Qd4 Qf7 24. Qd5 h6 25. Qxf7 Rxf7 26. Rd8+ Kh7 27.
Be3 Rf5 28. g4 Re5 29. Bd4 Rg5 30. Kg3 h5 31. h3 hxg4 32. hxg4 Nc5 33. f4 Rg6
34. Bxc5 bxc5 35. Ra8 Rd6 36. Rxa5 Rd3+ 37. Kh4 Rxc3 38. Rxc5 Ra3 39. Rxc7 Rxa2
40. Kg5 Ra6 41. f5 Rd6 42. c5 Rd4 43. f6 Rd5+ 44. Kf4 Kh6 45. f7 Rd1 46. Ke3
Rf1 47. Re7 g5 48. c6 Kg6 49. c7 Re1+ 50. Kd4 Rd1+ 51. Ke3 Rc1 52. Re8 Kxf7 53.
c8=Q Re1+ 54. Kd4 Rxe8 55. Qf5+ Ke7 56. Qxg5+ Kf7 57. Qf5+ Kg7 58. Qd7+ Kf8 59.
g5 Re7 60. Qd8+ Kf7 61. g6+ Ke6 62. Qg8+ Kf5 63. Qf7+ 1-0